DEL SOCIALISMO AL MERCADO : (Registro nro. 6364)
[ vista simple ]
| 000 -LEADER | |
|---|---|
| fixed length control field | 00468nam a2200169 a 4500 |
| 001 - CONTROL NUMBER | |
| control field | 6364 |
| 005 - DATE AND TIME OF LATEST TRANSACTION | |
| control field | 20180713190222.0 |
| 008 - FIXED-LENGTH DATA ELEMENTS--GENERAL INFORMATION | |
| fixed length control field | 140415s1991 mx 000 0 spa d |
| 020 ## - INTERNATIONAL STANDARD BOOK NUMBER | |
| International Standard Book Number | 9681321731 |
| 041 ## - LANGUAGE CODE | |
| Language code of text/sound track or separate title | spa |
| 082 ## - DEWEY DECIMAL CLASSIFICATION NUMBER | |
| Classification number | 335 |
| Item number | PAZ |
| 100 1# - MAIN ENTRY--PERSONAL NAME | |
| Personal name | PAZOS, LUIS |
| 245 10 - TITLE STATEMENT | |
| Title | DEL SOCIALISMO AL MERCADO : |
| Remainder of title | LAS ENSEÑANZAS DEL SIGLO |
| 260 ## - PUBLICATION, DISTRIBUTION, ETC. | |
| Place of publication, distribution, etc. | MEXICO : |
| Name of publisher, distributor, etc. | DIANA, |
| Date of publication, distribution, etc. | 1991 |
| 300 ## - PHYSICAL DESCRIPTION | |
| Extent | 188 |
| Dimensions | 13.5 x 1 x 20.9 |
| 650 14 - SUBJECT ADDED ENTRY--TOPICAL TERM | |
| Topical term or geographic name entry element | ECONOMIA |
| General subdivision | MARXISMO |
| -- | SOCIALISMO |
| Withdrawn status | Lost status | Source of classification or shelving scheme | Damaged status | Not for loan | Collection code | Home library | Current library | Shelving location | Date acquired | Source of acquisition | Inventory number | Total Checkouts | Full call number | Barcode | Date last seen | Price effective from | Koha item type |
|---|---|---|---|---|---|---|---|---|---|---|---|---|---|---|---|---|---|
| Dewey Decimal Classification | General | Biblioteca Karol Wojtyla | Biblioteca Karol Wojtyla | Sala general | 03/12/2013 | Compra | 151000000000000000052350 | 335 PAZ | 67831 | 05/01/2026 | 03/12/2013 | Libro | |||||
| Dewey Decimal Classification | General | Biblioteca Karol Wojtyla | Biblioteca Karol Wojtyla | Sala general | 03/12/2013 | Compra | 151000000000000000052349 | 335 PAZ | 18822 | 05/01/2026 | 03/12/2013 | Libro |